[Event "CADAP MLP-01/2003 email"]
[Site "CADAP email"]
[Date "2005.01.09"]
[Round "?"]
[White "De Sa, Aurelio"]
[Black "Pena Gomez, Enrique Duvan"]
[Result "1/2-1/2"]
[WhiteElo "2000"]
[BlackElo "2250"]
[PlyCount "116"]
[EventDate "2005.??.??"]
[EventType "tourn (corr)"]
[EventRounds "14"]
[EventCountry "ARG"]
[SourceTitle "Corr 2008"]
[Source "ChessBase"]
[SourceDate "2008.06.24"]
[SourceVersion "1"]
[SourceVersionDate "2008.06.24"]
[SourceQuality "1"]

1. e4 Nf6 2. e5 Nd5 3. d4 d6 4. Nf3 g6 5. Bc4 Nb6 6. Bb3 Bg7 7. a4 a5 8. Ng5 e6 9. f4 dxe5 10. fxe5 c5 11. 0-0 Qxd4+ 12. Qxd4 cxd4 13. Rxf7 Bxe5 14. Rf3 Nc6 15. Na3 Bd7 16. Bd2 Bb8 17. Re1 Ne5 18. Rff1 Rf8 19. Rxf8+ Kxf8 20. Nxh7+ Kg7 21. Ng5 Nxa4 22. Bxa4 Bxa4 23. Nxe6+ Kf6 24. Nxd4 Ba7 25. Rf1+ Ke7 26. Be3 Bd7 27. Re1 Kf6 28. Nab5 Bxb5 29. Nxb5 Bxe3+ 30. Rxe3 Rd8 31. Re2 a4 32. Nc3 Rd4 33. h3 Ke6 34. g4 Rb4 35. Nd1 Rc4 36. Nf2 Kd5 37. Kg2 b5 38. Nd1 Ke6 39. c3 g5 40. Kh2 Rc7 41. Kg3 Rc8 42. h4 Rc4 43. Nf2 a3 44. Nd3 axb2 45. Rxe5+ Kd6 46. Rxb5 Rxc3 47. hxg5 Rxd3+ 48. Kh4 Rd2 49. Kh5 Rh2+ 50. Kg6 Kc6 51. Rb8 Rd2 52. Kh6 Kc7 53. Rb3 Rd6+ 54. g6 Rb6 55. Rxb6 Kxb6 56. g7 b1Q 57. g8Q Qh1+ 58. Kg7 Qa1+ 1/2-1/2

[Event "CADAP MLP-01/2003 email"]
[Site "CADAP email"]
[Date "2003.12.18"]
[Round "?"]
[White "Flor Trejo, Remigio Francisco"]
[Black "De Sa, Aurelio"]
[Result "1-0"]
[WhiteElo "2000"]
[BlackElo "2000"]
[PlyCount "51"]
[EventDate "2005.??.??"]
[EventType "tourn (corr)"]
[EventRounds "14"]
[EventCountry "ARG"]
[SourceTitle "Corr 2008"]
[Source "ChessBase"]
[SourceDate "2008.06.24"]
[SourceVersion "1"]
[SourceVersionDate "2008.06.24"]
[SourceQuality "1"]

1. e4 c5 2. Nf3 a6 3. c4 d6 4. d4 cxd4 5. Nxd4 Nf6 6. Nc3 e6 7. Be2 Be7 8. 0-0 0-0 9. f4 Qc7 10. Be3 b6 11. Rc1 Nbd7 12. b4 Bb7 13. Bd3 Rfe8 14. Qf3 Rac8 15. Qh3 Bf8 16. a3 Qb8 17. Nf3 g6 18. Bd4 Bg7 19. Qh4 Red8 20. f5 gxf5 21. exf5 e5 22. Be3 Qa8 23. Be2 d5 24. Bh6 Bxh6 25. Qxh6 Re8 26. Ng5 1-0